[Event "VI Sunway Sitges Open 2019"]
[Site "Sitges"]
[Date "2019.12.22"]
[Round "10.32"]
[White "Raja Rithvik R"]
[Black "Harsha Bharathakoti"]
[Result "1/2-1/2"]
[WhiteElo "2381"]
[BlackElo "2523"]
[Annotator "ChessBase"]
[PlyCount "83"]
[EventDate "2019.12.13"]
[EventType "swiss"]
[EventCountry "ESP"]
[SourceTitle "playchess.com"]
[Source "ChessBase"]
[SourceQuality "1"]

1. d4 Nf6 2. c4 g6 3. g3 Bg7 4. Bg2 O-O 5. Nc3 d6 6. Nf3 Nbd7 7. O-O e5 8. e4 exd4 9. Nxd4 Nc5 10. h3 Re8 11. Re1 Bd7 12. Kh2 h6 13. Rb1 a5 14. Ndb5 a4 15. f3 h5 16. Be3 h4 17. g4 g5 18. Nd4 Nh7 19. Qd2 Be5+ 20. Kh1 Ne6 21. Nd5 Nhf8 22. Rbd1 Bc6 23. Nb4 Nxd4 24. Bxd4 Ne6 25. Be3 Nf4 26. Qc2 Qf6 27. Nd3 Ne6 28. Nxe5 dxe5 29. Rd3 Rad8 30. Red1 Rxd3 31. Rxd3 Nf4 32. Bxf4 exf4 33. Qd2 Kg7 34. b4 axb3 35. axb3 Ra8 36. Kh2 Ra1 37. b4 Bxe4 38. fxe4 f3 39. Rd5 fxg2 40. Qxg5+ Kh7 41. Qh5+ Kg7 42. Qg5+ 1/2-1/2

[Event "VI Sunway Sitges Open 2019"]
[Site "Sitges"]
[Date "2019.12.22"]
[Round "10.33"]
[White "Kelires, Andreas"]
[Black "Ayats Llobera, Gerard"]
[Result "1/2-1/2"]
[WhiteElo "2510"]
[BlackElo "2383"]
[Annotator "ChessBase"]
[PlyCount "100"]
[EventDate "2019.12.13"]
[EventType "swiss"]
[EventCountry "ESP"]
[SourceTitle "playchess.com"]
[Source "ChessBase"]
[SourceQuality "1"]

1. d4 Nf6 2. c4 g6 3. Nc3 Bg7 4. e4 d6 5. h3 O-O 6. Be3 e5 7. d5 Na6 8. g4 Nc5 9. f3 a5 10. Qd2 Nfd7 11. O-O-O f5 12. Be2 Qh4 13. Bf1 Qe7 14. Kb1 b6 15. Nge2 Nf6 16. Bg2 Ba6 17. b3 fxe4 18. fxe4 Rfb8 19. Ng3 b5 20. cxb5 Bxb5 21. Bxc5 dxc5 22. d6 cxd6 23. g5 Ba6 24. gxf6 Qxf6 25. Ka1 Qh4 26. Nge2 c4 27. bxc4 Bxc4 28. Nd5 a4 29. Nec3 a3 30. Rb1 Rf8 31. Bf1 Bxf1 32. Rhxf1 Rxf1 33. Rxf1 Qxh3 34. Qd1 Kh8 35. Rf3 Qg2 36. Qe2 Qg1+ 37. Rf1 Qd4 38. Rd1 Qc5 39. Rh1 Rf8 40. Qh2 h6 41. Qg1 Rf3 42. Qxc5 dxc5 43. Kb1 c4 44. Kc1 Bf8 45. Kd2 Kg7 46. Ke2 Rg3 47. Ne3 Bc5 48. Ncd5 h5 49. Kf2 Rg4 50. Rc1 Rxe4 1/2-1/2

[Event "VI Sunway Sitges Open 2019"]
[Site "Sitges"]
[Date "2019.12.22"]
[Round "10.34"]
[White "Girish, A. Koushik"]
[Black "Vaishali R"]
[Result "1/2-1/2"]
[WhiteElo "2506"]
[BlackElo "2376"]
[Annotator "ChessBase"]
[PlyCount "73"]
[EventDate "2019.12.13"]
[EventType "swiss"]
[EventCountry "ESP"]
[SourceTitle "playchess.com"]
[Source "ChessBase"]
[SourceQuality "1"]

1. Nf3 Nf6 2. c4 g6 3. Nc3 d5 4. cxd5 Nxd5 5. Qb3 Nb6 6. d4 Bg7 7. Bf4 Be6 8. Qc2 Nc6 9. Rd1 Nb4 10. Qb1 N4d5 11. Be5 Nxc3 12. bxc3 O-O 13. Bxg7 Kxg7 14. e4 Bg4 15. Be2 Bxf3 16. Bxf3 e5 17. O-O Qe7 18. g3 c5 19. Bg2 cxd4 20. cxd4 exd4 21. Rxd4 Rfd8 22. Rb4 Rac8 23. Qb2+ Kg8 24. Rb1 Rc7 25. Rd4 Rxd4 26. Qxd4 Qc5 27. Qd8+ Kg7 28. Rd1 Rc8 29. Qd3 Rc7 30. Bh3 Na4 31. Kg2 b5 32. Re1 b4 33. e5 Qc3 34. Qd8 Qxe1 35. Qf6+ Kg8 36. Qd8+ Kg7 37. Qf6+ 1/2-1/2

[Event "VI Sunway Sitges Open 2019"]
[Site "Sitges"]
[Date "2019.12.22"]
[Round "10.35"]
[White "Iniyan, P."]
[Black "Matta, Vinay Kumar"]
[Result "1-0"]
[WhiteElo "2497"]
[BlackElo "2300"]
[Annotator "ChessBase"]
[PlyCount "53"]
[EventDate "2019.12.13"]
[EventType "swiss"]
[EventCountry "ESP"]
[SourceTitle "playchess.com"]
[Source "ChessBase"]
[SourceQuality "1"]

1. d4 Nf6 2. c4 g6 3. Nc3 Bg7 4. e4 d6 5. f3 O-O 6. Be3 Nc6 7. Nge2 a6 8. Qd2 Rb8 9. Rb1 e5 10. d5 Na5 11. Nc1 c5 12. b4 cxb4 13. Rxb4 Nd7 14. Be2 b6 15. Na4 Rb7 16. O-O Nc5 17. Nxc5 dxc5 18. Ra4 Qd6 19. Nd3 Bd7 20. Rxa5 bxa5 21. Nxc5 Rc7 22. Qxa5 Bh6 23. Bxh6 Rxc5 24. Bxf8 Kxf8 25. Qd2 Qb6 26. Kh1 a5 27. f4 1-0

[Event "VI Sunway Sitges Open 2019"]
[Site "Sitges"]
[Date "2019.12.22"]
[Round "10.36"]
[White "Yankelevich, Lev"]
[Black "Valenzuela Gomez, Fernando"]
[Result "1-0"]
[WhiteElo "2472"]
[BlackElo "2373"]
[Annotator "ChessBase"]
[PlyCount "93"]
[EventDate "2019.12.13"]
[EventType "swiss"]
[EventCountry "ESP"]
[SourceTitle "playchess.com"]
[Source "ChessBase"]
[SourceQuality "1"]

1. d4 Nf6 2. c4 g6 3. Nc3 Bg7 4. e4 d6 5. f3 O-O 6. Be3 Nc6 7. Nge2 a6 8. Qd2 Bd7 9. Rb1 h5 10. b4 e6 11. a3 Nh7 12. d5 Ne5 13. Nd4 exd5 14. cxd5 c6 15. Be2 cxd5 16. Nxd5 Rc8 17. O-O Nc4 18. Bxc4 Rxc4 19. Rbc1 Rxc1 20. Rxc1 Re8 21. Nb3 Bc6 22. Na5 Qd7 23. Nb6 Qc7 24. a4 Qe7 25. Nxc6 bxc6 26. Rxc6 Qe5 27. Rc1 Rd8 28. Rd1 Qe8 29. Qd3 Nf8 30. Qxa6 Ne6 31. Qd3 Be5 32. a5 Qe7 33. Nd5 Qh4 34. f4 Bxf4 35. Bxf4 Nxf4 36. Nxf4 Qxf4 37. b5 Qe5 38. Qd5 Qc3 39. a6 Rb8 40. Rf1 Qe3+ 41. Kh1 Qa7 42. Rf6 Kg7 43. Rxd6 Qf2 44. Qe5+ Kh7 45. Rd1 Rd8 46. Qa1 Qa2 47. h3 1-0

[Event "VI Sunway Sitges Open 2019"]
[Site "Sitges"]
[Date "2019.12.22"]
[Round "10.37"]
[White "Vega Gutierrez, Sabrina"]
[Black "Diaz Camallonga, Carles"]
[Result "1/2-1/2"]
[WhiteElo "2360"]
[BlackElo "2468"]
[Annotator "ChessBase"]
[PlyCount "68"]
[EventDate "2019.12.13"]
[EventType "swiss"]
[EventCountry "ESP"]
[SourceTitle "playchess.com"]
[Source "ChessBase"]
[SourceQuality "1"]

1. e4 e6 2. d4 d5 3. Nc3 Bb4 4. e5 c5 5. Bd2 Ne7 6. a3 Bxc3 7. Bxc3 b6 8. Bb5+ Bd7 9. Bd3 Nbc6 10. f4 c4 11. Be2 Nf5 12. g3 b5 13. b4 a5 14. Qd2 axb4 15. axb4 O-O 16. Rxa8 Qxa8 17. Nf3 f6 18. g4 Nfe7 19. exf6 Rxf6 20. Ne5 Be8 21. O-O Ng6 22. Qe3 Qc8 23. Nxc6 Bxc6 24. Be1 Qd7 25. Bg3 Rf8 26. c3 Ne7 27. Bd1 Nc8 28. Qe5 Re8 29. Bc2 Nd6 30. f5 Ne4 31. Bxe4 dxe4 32. f6 gxf6 33. Qxf6 Qg7 34. Qxg7+ Kxg7 1/2-1/2

[Event "VI Sunway Sitges Open 2019"]
[Site "Sitges"]
[Date "2019.12.22"]
[Round "10.38"]
[White "Garcia Martin, Marta"]
[Black "Janik, Igor"]
[Result "1/2-1/2"]
[WhiteElo "2306"]
[BlackElo "2466"]
[Annotator "TA"]
[PlyCount "205"]
[EventDate "2019.12.13"]
[EventType "swiss"]
[EventCountry "ESP"]
[SourceTitle "playchess.com"]
[Source "ChessBase"]
[SourceQuality "1"]

1. e4 c6 2. d4 d5 3. exd5 cxd5 4. Bd3 Nc6 5. c3 g6 6. Nf3 Bf5 7. O-O Bxd3 8. Qxd3 Bg7 9. Bf4 Nf6 10. h3 O-O 11. Nbd2 Qb6 12. Rab1 Rac8 13. Rfe1 e6 14. Ne5 Rfd8 15. Bg5 Re8 16. Qf3 Nxe5 17. dxe5 Nd7 18. Qf4 Qa6 19. Re3 Qxa2 20. Rbe1 Qxb2 21. Rf3 Rf8 22. Be7 b5 23. h4 h5 24. Bd6 a5 25. Rb1 Qc2 26. Rxb5 Nxe5 27. Bxe5 Bxe5 28. Qxe5 Qxd2 29. Rxa5 Rc4 30. Qf6 Qe1+ 31. Kh2 Qe4 32. g3 Rc7 33. Ra6 Rb7 34. Rd6 Qe2 35. Rd8 Rxd8 36. Qxd8+ Kh7 37. Qf6 Qc4 38. Rf4 Qc7 39. Ra4 Qe7 40. Qxe7 Rxe7 41. c4 Kg7 42. Kg2 Kf6 43. Kf3 Ke5 44. Ke3 Rb7 45. cxd5 exd5 46. Rf4 f6 47. Ra4 Rb1 48. Ke2 Rb6 49. Ke3 Re6 50. Kd3 Re8 51. Ra7 Kf5 52. Rd7 Re5 53. f3 Ke6 54. Rg7 g5 55. Rh7 gxh4 56. gxh4 Kd6 57. Kd4 Ke6 58. Kd3 Rf5 59. Ke3 d4+ 60. Ke4 d3 61. Kxd3 Rxf3+ 62. Ke4 Rf5 63. Rh8 Ra5 64. Kf4 Kf7 65. Rb8 Ra3 66. Rb4 Kg6 67. Rb1 Rh3 68. Rg1+ Kf7 69. Kf5 Rf3+ 70. Ke4 Rf2 71. Ra1 Kg7 72. Rg1+ Kf8 73. Rg6 Kf7 74. Rh6 Re2+ 75. Kf4 Re5 76. Rh8 Ra5 77. Rb8 Ra3 78. Kf5 Rf3+ 79. Ke4 Rf1 80. Rh8 Kg6 81. Rg8+ Kh7 82. Rg2 Kh6 83. Rg8 Kh7 84. Rg2 Rh1 85. Kf5 Rxh4 86. Kxf6 Rg4 87. Rh2 Kh6 88. Kf5 Rg1 89. Kf4 Kg6 90. Ra2 Rg4+ 91. Kf3 Kg5 92. Rg2 Kh4 93. Rh2+ Kg5 94. Rg2 Kf5 95. Rxg4 hxg4+ 96. Kg3 Kg5 97. Kg2 Kf4 98. Kf2 g3+ 99. Kg2 Kg4 100. Kg1 Kf3 101. Kf1 Ke4 102. Kg2 Ke5 103. Kxg3 1/2-1/2

[Event "VI Sunway Sitges Open 2019"]
[Site "Sitges"]
[Date "2019.12.22"]
[Round "10.39"]
[White "Kobo, Ori"]
[Black "Krishnater Kushager"]
[Result "0-1"]
[WhiteElo "2457"]
[BlackElo "2308"]
[Annotator "ChessBase"]
[PlyCount "72"]
[EventDate "2019.12.13"]
[EventType "swiss"]
[EventCountry "ESP"]
[SourceTitle "playchess.com"]
[Source "ChessBase"]
[SourceQuality "1"]

1. d4 Nf6 2. c4 g6 3. Nc3 Bg7 4. e4 d6 5. Nf3 O-O 6. Be2 e5 7. d5 a5 8. h3 Na6 9. Bg5 Nc5 10. Nd2 Bd7 11. Qc2 h6 12. Be3 Nh7 13. g4 f5 14. f3 Bf6 15. Bxh6 Bh4+ 16. Kd1 Rf7 17. Be3 a4 18. exf5 gxf5 19. Bxc5 dxc5 20. gxf5 a3 21. b3 Bf2 22. Nde4 Bd4 23. Bd3 Qh4 24. Qd2 Bxf5 25. Kc2 Bxe4 26. Bxe4 Ng5 27. Rhg1 Bxg1 28. Rxg1 Rg7 29. d6 cxd6 30. Bxb7 Rf8 31. Rg4 Qh7+ 32. Ne4 Nxf3 33. Qd5+ Rff7 34. Bc8 Rxg4 35. Bxg4 Ng5 36. Bh5 Qxe4+ 0-1

[Event "VI Sunway Sitges Open 2019"]
[Site "Sitges"]
[Date "2019.12.22"]
[Round "10.40"]
[White "Gorshtein, Asaf"]
[Black "Vogel, Roven"]
[Result "1/2-1/2"]
[WhiteElo "2105"]
[BlackElo "2457"]
[Annotator "TA"]
[PlyCount "140"]
[EventDate "2019.12.13"]
[EventType "swiss"]
[EventCountry "ESP"]
[SourceTitle "playchess.com"]
[Source "ChessBase"]
[SourceQuality "1"]

1. e4 c5 2. Ne2 e6 3. g3 d5 4. Bg2 d4 5. d3 Nc6 6. O-O Nf6 7. a4 Be7 8. Na3 O-O 9. h3 Ne8 10. Nc4 Nd6 11. Nxd6 Bxd6 12. f4 f5 13. Qe1 Be7 14. Kh2 Bd7 15. Ng1 Nb4 16. Qe2 Bc6 17. Nf3 Bf6 18. Rd1 Qe8 19. e5 Be7 20. b3 Rd8 21. Bd2 Nd5 22. h4 Rd7 23. Re1 Bd8 24. Qf2 h6 25. b4 Nxb4 26. Bxb4 cxb4 27. a5 Be7 28. Nd2 Bxg2 29. Kxg2 Rd5 30. Nc4 Qc6 31. Kh2 Rf7 32. Rh1 g5 33. hxg5 hxg5 34. Kg1 Rg7 35. Qh2 gxf4 36. Qh8+ Kf7 37. Rh7 Rxh7 38. Qxh7+ Ke8 39. gxf4 Kd7 40. Kf2 Rc5 41. Qh1 Qd5 42. Rg1 Qxh1 43. Rxh1 Rc7 44. Ke2 Kc6 45. Rh8 Bc5 46. Nd2 b6 47. axb6 Bxb6 48. Rd8 Rd7 49. Re8 Kd5 50. Nc4 Bc5 51. Na5 Bb6 52. Nc4 Bd8 53. Kd2 Bh4 54. Ke2 Rg7 55. Rh8 Rg2+ 56. Kd1 Rg4 57. Rh7 Rxf4 58. Rxa7 Rf1+ 59. Ke2 Rf2+ 60. Kd1 f4 61. Rd7+ Kc5 62. Nd2 Rg2 63. Nb3+ Kb6 64. Rxd4 f3 65. Rxb4+ Kc7 66. Rxh4 Rg1+ 67. Kd2 f2 68. Rf4 f1=Q 69. Rxf1 Rxf1 70. Nc5 Kc6 1/2-1/2

[Event "VI Sunway Sitges Open 2019"]
[Site "Sitges"]
[Date "2019.12.22"]
[Round "10.41"]
[White "Parvanyan, Ashot"]
[Black "Webb, Laurence E"]
[Result "1-0"]
[WhiteElo "2456"]
[BlackElo "2296"]
[Annotator "ChessBase"]
[PlyCount "75"]
[EventDate "2019.12.13"]
[EventType "swiss"]
[EventCountry "ESP"]
[SourceTitle "playchess.com"]
[Source "ChessBase"]
[SourceQuality "1"]

1. Nf3 Nf6 2. c4 g6 3. Nc3 Bg7 4. e4 d6 5. d4 O-O 6. h3 c5 7. d5 e6 8. Bd3 exd5 9. exd5 Re8+ 10. Be3 Nbd7 11. O-O Ne5 12. Nxe5 Rxe5 13. Bf4 Re8 14. Qd2 a6 15. Rfe1 Rxe1+ 16. Rxe1 Qf8 17. a3 Bd7 18. b4 b6 19. Rb1 Rb8 20. Bh2 cxb4 21. axb4 Ra8 22. Bf4 Bc8 23. c5 dxc5 24. bxc5 bxc5 25. Bc4 Bd7 26. Rb7 Qd8 27. d6 Rb8 28. Rc7 Rb4 29. Rxc5 Qb6 30. Rc7 Qa5 31. Kh2 Nh5 32. Nd5 Nxf4 33. Qxb4 Qxb4 34. Nxb4 Be6 35. Bxe6 Nxe6 36. Rc8+ Bf8 37. d7 Kg7 38. Nc6 1-0

[Event "VI Sunway Sitges Open 2019"]
[Site "Sitges"]
[Date "2019.12.22"]
[Round "10.42"]
[White "Ajay Krishna, S."]
[Black "Real De Azua, Ernesto"]
[Result "0-1"]
[WhiteElo "2302"]
[BlackElo "2450"]
[Annotator "ChessBase"]
[PlyCount "114"]
[EventDate "2019.12.13"]
[EventType "swiss"]
[EventCountry "ESP"]
[SourceTitle "playchess.com"]
[Source "ChessBase"]
[SourceQuality "1"]

1. Nf3 Nf6 2. c4 b6 3. g3 Bb7 4. Bg2 g6 5. d4 Bg7 6. O-O O-O 7. Bf4 d6 8. Qc1 Nbd7 9. Rd1 c5 10. d5 b5 11. cxb5 Nxd5 12. Bh6 N5f6 13. Bxg7 Kxg7 14. Nc3 a6 15. e4 axb5 16. e5 dxe5 17. Nxb5 Qb8 18. a4 Rc8 19. Qe3 Bc6 20. h3 Bxb5 21. axb5 Rxa1 22. Rxa1 Qxb5 23. Qc3 Rb8 24. Nxe5 Qxb2 25. Qxb2 Rxb2 26. Nxd7 Nxd7 27. Rc1 Rb6 28. h4 Kf6 29. f4 h5 30. Kh2 e6 31. Kh3 Ke7 32. Bf3 Ra6 33. Be2 Ra7 34. f5 exf5 35. Kg2 Rc7 36. Kf3 Nf8 37. Bc4 Ne6 38. Rb1 Kd6 39. Ke3 Ra7 40. Rb3 Nd4 41. Rc3 Ne6 42. Rb3 Ke5 43. Rc3 f4+ 44. gxf4+ Nxf4 45. Kf3 Kd4 46. Rc1 Ne6 47. Bxe6 Ra3+ 48. Kf4 fxe6 49. Rg1 e5+ 50. Kg5 Ra6 51. Rd1+ Ke3 52. Re1+ Kd2 53. Rxe5 c4 54. Rc5 c3 55. Rd5+ Kc1 56. Rc5 c2 57. Kh6 Rb6 0-1

[Event "VI Sunway Sitges Open 2019"]
[Site "Sitges"]
[Date "2019.12.22"]
[Round "10.44"]
[White "Perez Bolanos, Joel"]
[Black "Nikolic, Vladan"]
[Result "0-1"]
[WhiteElo "1943"]
[BlackElo "2217"]
[Annotator "NA"]
[PlyCount "72"]
[EventDate "2019.12.13"]
[EventType "swiss"]
[EventCountry "ESP"]
[SourceTitle "playchess.com"]
[Source "ChessBase"]
[SourceQuality "1"]

1. e4 e5 2. Nc3 Nf6 3. Nf3 Nc6 4. Bb5 Bd6 5. O-O O-O 6. d3 h6 7. Bxc6 dxc6 8. h3 Re8 9. Be3 Nd7 10. Ne2 Nf8 11. Qd2 Qf6 12. Ng3 Bxh3 13. Nh5 Qg6 14. Ng3 Bg4 15. Nh4 Qf6 16. Nhf5 Ne6 17. f3 Bxf5 18. Nxf5 Rad8 19. g3 c5 20. Kg2 Bf8 21. Rh1 c4 22. Rh5 cxd3 23. cxd3 Rd7 24. Rah1 Red8 25. d4 exd4 26. Bxh6 gxh6 27. f4 Nc5 28. Nxh6+ Bxh6 29. Rxh6 Qg7 30. Qe2 Rd6 31. Rh8+ Qxh8 32. Rxh8+ Kxh8 33. Qh5+ Kg8 34. Qxc5 d3 35. e5 d2 36. exd6 Rxd6 0-1

[Event "VI Sunway Sitges Open 2019"]
[Site "Sitges"]
[Date "2019.12.22"]
[Round "10.45"]
[White "Peter, Steven"]
[Black "Szczotka, Klara"]
[Result "1-0"]
[WhiteElo "2025"]
[BlackElo "1781"]
[Annotator "NA"]
[PlyCount "71"]
[EventDate "2019.12.13"]
[EventType "swiss"]
[EventCountry "ESP"]
[SourceTitle "playchess.com"]
[Source "ChessBase"]
[SourceQuality "1"]

1. d4 Nf6 2. Nf3 d5 3. g3 e6 4. Bg2 Nbd7 5. O-O b6 6. c4 Bb7 7. cxd5 exd5 8. Nc3 a6 9. Ne5 Bb4 10. Qb3 Bxc3 11. bxc3 O-O 12. Bf4 Qe7 13. h3 Rfd8 14. g4 h6 15. Qc2 Rac8 16. Qb2 Nxe5 17. Bxe5 Nd7 18. Bg3 Nf8 19. c4 Ba8 20. cxd5 Bxd5 21. e4 Bc4 22. Rfe1 Ne6 23. Rad1 Qd7 24. Qc2 b5 25. d5 Nc5 26. e5 Qe7 27. f4 Na4 28. d6 cxd6 29. exd6 Qa7+ 30. Bf2 Qb8 31. Qd2 Be6 32. f5 Bd7 33. f6 g5 34. Re5 Be6 35. Rxg5+ Kf8 36. Rg8+ 1-0

[Event "VI Sunway Sitges Open 2019"]
[Site "Sitges"]
[Date "2019.12.22"]
[Round "10.47"]
[White "Rosh Jain"]
[Black "Agostinho, Diogo"]
[Result "0-1"]
[WhiteElo "1697"]
[BlackElo "2025"]
[Annotator "NA"]
[PlyCount "88"]
[EventDate "2019.12.13"]
[EventType "swiss"]
[EventCountry "ESP"]
[SourceTitle "playchess.com"]
[Source "ChessBase"]
[SourceQuality "1"]

1. e4 Nf6 2. e5 Nd5 3. d4 d6 4. Nf3 g6 5. Bc4 Nb6 6. Bb3 Bg7 7. exd6 cxd6 8. c3 O-O 9. O-O Nc6 10. Bc2 e5 11. Bg5 f6 12. Be3 Be6 13. Nbd2 Nd5 14. Bb3 Qe7 15. Bxd5 Bxd5 16. c4 Bxf3 17. Nxf3 e4 18. Ne1 f5 19. f4 exf3 20. Rxf3 Qe4 21. Nc2 b6 22. Rf4 Qe7 23. d5 Ne5 24. Bd4 g5 25. Rf2 Nxc4 26. Bxg7 Qxg7 27. Nd4 Ne3 28. Qd3 Qe5 29. Re1 f4 30. Nc2 Rae8 31. Nxe3 fxe3 32. Rxf8+ Kxf8 33. Qxh7 e2 34. Qh6+ Kf7 35. Qh7+ Kf6 36. Qh6+ Kf7 37. Qh7+ Kf6 38. Qh6+ Kf5 39. Qh7+ Kf4 40. Qf7+ Ke3 41. Qxa7 Kd2 42. Rxe2+ Qxe2 43. h3 Qe3+ 44. Kh1 Qg3 0-1

[Event "VI Sunway Sitges Open 2019"]
[Site "Sitges"]
[Date "2019.12.22"]
[Round "10.48"]
[White "Drastik, Penelope"]
[Black "Raghu Ram Reddy Seelam"]
[Result "1-0"]
[WhiteElo "1821"]
[BlackElo "1717"]
[Annotator "NA"]
[PlyCount "71"]
[EventDate "2019.12.13"]
[EventType "swiss"]
[EventCountry "ESP"]
[SourceTitle "playchess.com"]
[Source "ChessBase"]
[SourceQuality "1"]

1. d4 d5 2. c4 e6 3. Nc3 Be7 4. Nf3 Nf6 5. Bg5 h6 6. Bxf6 Bxf6 7. e3 b6 8. Qd2 Bb7 9. cxd5 exd5 10. Bd3 Nd7 11. O-O-O c6 12. e4 dxe4 13. Nxe4 Be7 14. Qf4 Qb8 15. Qg4 g6 16. h4 h5 17. Qh3 Qc7 18. Neg5 O-O-O 19. Rhe1 Bxg5+ 20. Nxg5 Kb8 21. Re7 Rhf8 22. Kb1 Bc8 23. Qe3 f5 24. Nf7 f4 25. Qe1 f3 26. g3 Rxf7 27. Rxf7 Qd6 28. Rxf3 Nf6 29. Be2 Bf5+ 30. Ka1 Nd5 31. Rxf5 gxf5 32. Bxh5 Nb4 33. Kb1 Kb7 34. Qe5 Qf8 35. Bf3 Qg8 36. Qe7+ 1-0

[Event "VI Sunway Sitges Open 2019"]
[Site "Sitges"]
[Date "2019.12.22"]
[Round "10.49"]
[White "Gutierrez Palomino, Albert"]
[Black "Medar, Marti"]
[Result "0-1"]
[WhiteElo "1935"]
[BlackElo "1995"]
[Annotator "NA"]
[PlyCount "106"]
[EventDate "2019.12.13"]
[EventType "swiss"]
[EventCountry "ESP"]
[SourceTitle "playchess.com"]
[Source "ChessBase"]
[SourceQuality "1"]

1. Nf3 e6 2. c4 b6 3. Nc3 Bb7 4. e4 d6 5. d4 Nd7 6. Bd3 g6 7. O-O Bg7 8. Be3 Ne7 9. Qd2 h6 10. Rfe1 e5 11. d5 f5 12. g3 Nf6 13. exf5 gxf5 14. Nh4 Bc8 15. f3 Bd7 16. Rad1 a6 17. a4 Qc8 18. b4 a5 19. b5 Nh5 20. Ne2 Kf7 21. Kh1 Bf6 22. Ng2 Qg8 23. Bc2 Qg7 24. Rg1 Rag8 25. c5 Rb8 26. cxd6 cxd6 27. Bb3 e4 28. fxe4 Qg4 29. Nef4 fxe4 30. Qe2 Qxe2 31. Nxe2 Bg4 32. Rde1 Nf5 33. Rgf1 Bf3 34. Nef4 Nxe3 35. Rxe3 Nxf4 36. Rexf3 exf3 37. Nxf4 Rbc8 38. Rxf3 Rc3 39. Kg2 Rxf3 40. Kxf3 Rc8 41. Ne2 Be5 42. h3 Kf6 43. Kg4 Kg6 44. Kf3 Kf5 45. Ke3 h5 46. Kf3 Kg5 47. Kg2 h4 48. g4 Rc7 49. Kf3 Bb2 50. Ke4 Rf7 51. Bc2 Rf1 52. Bd3 Be5 53. Bc2 Rh1 0-1

[Event "VI Sunway Sitges Open 2019"]
[Site "Sitges"]
[Date "2019.12.22"]
[Round "10.50"]
[White "Shatil, Or"]
[Black "Poumey, Philippe"]
[Result "1-0"]
[WhiteElo "1326"]
[BlackElo "1777"]
[Annotator "NA"]
[PlyCount "67"]
[EventDate "2019.12.13"]
[EventType "swiss"]
[EventCountry "ESP"]
[SourceTitle "playchess.com"]
[Source "ChessBase"]
[SourceQuality "1"]

1. e4 Nf6 2. e5 Nd5 3. Nc3 Nxc3 4. bxc3 e6 5. d4 d5 6. f4 c5 7. Nf3 Be7 8. g3 Nc6 9. Bg2 b6 10. O-O Ba6 11. Re1 O-O 12. h4 Rc8 13. a3 Qc7 14. Be3 Na5 15. f5 exf5 16. Bg5 h6 17. Bxe7 Qxe7 18. Kh2 g6 19. h5 g5 20. Rh1 Qc7 21. Qd2 cxd4 22. Nxg5 Qxe5 23. Nf3 dxc3 24. Qxh6 Qg7 25. Qf4 Bb7 26. Qxf5 Nc4 27. Qf4 Rfe8 28. h6 Qg6 29. Nh4 Qh7 30. Qg4+ Kf8 31. Raf1 Re6 32. Nf5 Nd2 33. Qg7+ Qxg7 34. Nxg7 1-0

[Event "VI Sunway Sitges Open 2019"]
[Site "Sitges"]
[Date "2019.12.22"]
[Round "11.1"]
[White "Gareyev, Timur"]
[Black "Heimann, Andreas"]
[Result "0-1"]
[WhiteElo "2598"]
[BlackElo "2617"]
[Annotator "RC"]
[PlyCount "140"]
[EventDate "2019.12.13"]
[EventType "swiss"]
[EventCountry "ESP"]
[SourceTitle "playchess.com"]
[Source "ChessBase"]
[SourceQuality "1"]

1. d4 Nf6 2. c4 e6 3. Nc3 d5 4. cxd5 exd5 5. Bg5 c6 6. Qc2 h6 7. Bh4 g6 8. e3 Bf5 9. Qb3 g5 10. Bg3 Qb6 11. h4 g4 12. Nge2 Nbd7 13. Nf4 Qxb3 14. axb3 Bc2 15. Bd3 Bxb3 16. h5 Rg8 17. O-O Bd6 18. Rfe1 Kf8 19. Ng6+ fxg6 20. Bxd6+ Kg7 21. Bxg6 Nf8 22. Bf5 Nxh5 23. e4 Nf6 24. e5 Ne8 25. Bc5 Kf7 26. e6+ Kf6 27. e7 Ng6 28. Bxg4 Nf4 29. Bf3 Nd3 30. Re3 Nxc5 31. dxc5 Bc2 32. Re2 Bg6 33. Ra4 Kg7 34. Rg4 Nf6 35. Rg3 Kf7 36. Rh3 h5 37. Rh4 Rae8 38. Rb4 Rb8 39. Re5 Rge8 40. Ne2 Rxe7 41. Rxe7+ Kxe7 42. Nd4 Kd7 43. Be2 Kc7 44. Ne6+ Kd7 45. Nd4 Bf7 46. Ra4 a6 47. Rb4 Kc7 48. Nxc6 bxc6 49. Rf4 Rxb2 50. Rxf6 Rxe2 51. Rxf7+ Kd8 52. Rf6 Kd7 53. Rd6+ Kc7 54. Rh6 Re1+ 55. Kh2 Re5 56. f4 Rf5 57. Rh7+ Kd8 58. Kg3 d4 59. Kf3 Rxc5 60. Ke4 Rd5 61. Kd3 a5 62. Ra7 c5 63. g3 Kc8 64. Re7 Kb8 65. Rg7 a4 66. Rg5 a3 67. Rxd5 a2 68. Rxc5 a1=Q 69. Rg5 Qc3+ 70. Ke4 d3 0-1

[Event "VI Sunway Sitges Open 2019"]
[Site "Sitges"]
[Date "2019.12.22"]
[Round "11.2"]
[White "Heimann, Andreas"]
[Black "Gareyev, Timur"]
[Result "0-1"]
[WhiteElo "2617"]
[BlackElo "2598"]
[Annotator "TA"]
[PlyCount "56"]
[EventDate "2019.12.13"]
[EventType "swiss"]
[EventCountry "ESP"]
[SourceTitle "playchess.com"]
[Source "ChessBase"]
[SourceQuality "1"]

1. d4 f5 2. g3 Nf6 3. Bg2 g6 4. Nf3 Bg7 5. O-O O-O 6. c4 d6 7. Nc3 c6 8. d5 Qe8 9. Nd4 c5 10. Nc2 Na6 11. b3 Bd7 12. Rb1 Rb8 13. Re1 Qf7 14. Bb2 Nc7 15. a4 a6 16. b4 cxb4 17. Nxb4 Ng4 18. Nd3 e5 19. dxe6 Bxe6 20. c5 dxc5 21. Nxc5 Rbd8 22. Qc1 f4 23. gxf4 Qe7 24. Nxe6 Nxe6 25. Nd5 Qh4 26. Bxg7 Rxd5 27. h3 Qxf2+ 28. Kh1 Nxf4 0-1

[Event "VI Sunway Sitges Open 2019"]
[Site "Sitges"]
[Date "2019.12.22"]
[Round "11.3"]
[White "Gareyev, Timur"]
[Black "Heimann, Andreas"]
[Result "1/2-1/2"]
[WhiteElo "2598"]
[BlackElo "2617"]
[Annotator "TA"]
[PlyCount "68"]
[EventDate "2019.12.13"]
[EventType "swiss"]
[EventCountry "ESP"]
[SourceTitle "playchess.com"]
[Source "ChessBase"]
[SourceQuality "1"]

1. e4 e5 2. f4 exf4 3. Nf3 g5 4. Nc3 Bg7 5. d4 d6 6. g3 Nc6 7. Bb5 a6 8. Ba4 Bd7 9. d5 Ne5 10. gxf4 gxf4 11. Bxd7+ Qxd7 12. Bxf4 Nxf3+ 13. Qxf3 Ne7 14. O-O-O O-O-O 15. Bg5 Rdf8 16. Bf6 Bxf6 17. Qxf6 Ng6 18. Rhg1 Rhg8 19. Ne2 Ne5 20. Nf4 Kb8 21. Nd3 Nxd3+ 22. cxd3 Rg6 23. Rxg6 hxg6 24. Rf1 Qh3 25. Rf3 Qxh2 26. a3 Qe5 27. Qh4 f5 28. Qg5 Re8 29. Qxg6 fxe4 30. Rf5 Qe7 31. Rf7 Qe5 32. Rf5 Qe7 33. Rf7 Qe5 34. Rf5 Qe7 1/2-1/2

[Event "VI Sunway Sitges Open 2019"]
[Site "Sitges"]
[Date "2019.12.22"]
[Round "12.1"]
[White "Tabatabaei, M.amin"]
[Black "Li, Di"]
[Result "1-0"]
[WhiteElo "2635"]
[BlackElo "2543"]
[Annotator "TA"]
[PlyCount "127"]
[EventDate "2019.12.13"]
[EventType "swiss"]
[EventCountry "ESP"]
[SourceTitle "playchess.com"]
[Source "ChessBase"]
[SourceQuality "1"]

1. Nf3 Nf6 2. c4 e6 3. Nc3 d5 4. d4 a6 5. cxd5 exd5 6. Bg5 c6 7. Qc2 Be6 8. e3 Nbd7 9. Bd3 Bd6 10. O-O h6 11. Bf4 Qb8 12. Bxd6 Qxd6 13. h3 O-O 14. Na4 Rfe8 15. Nc5 Nxc5 16. dxc5 Qc7 17. Nd4 a5 18. Rfd1 Nd7 19. Rac1 Nf8 20. Re1 Rad8 21. Qd2 Bd7 22. Rc3 g6 23. Ra3 Ra8 24. Bc2 Ne6 25. Nxe6 Bxe6 26. Ra4 b5 27. cxb6 Qxb6 28. Qc3 c5 29. Rh4 d4 30. exd4 Qb4 31. Qxb4 cxb4 32. Rhe4 Rec8 33. Bb3 Bxb3 34. axb3 Rd8 35. Rd1 Rac8 36. Re5 Rc2 37. Rxa5 Rxb2 38. Rd3 Rc2 39. d5 Rd6 40. Rb5 Rc3 41. Rxc3 bxc3 42. Rc5 c2 43. Rxc2 Rxd5 44. Rb2 Rd1+ 45. Kh2 Rd5 46. b4 Rb5 47. Kg3 Kf8 48. Kf4 Ke7 49. Ke4 Kd6 50. Kd4 g5 51. Kc4 Rf5 52. b5 Kc7 53. b6+ Kb7 54. Kd4 h5 55. Ke4 Rf4+ 56. Ke5 h4 57. f3 Kc8 58. b7+ Kb8 59. Rb3 Rc4 60. Kf5 Rc5+ 61. Kf6 Rc2 62. Kxg5 Rxg2+ 63. Kxh4 f5 64. Kh5 1-0